Statystyki dla CO NAUCZYCIEL ZABIERA UCZNIOWI PODCZAS LEKCJI?

Kliknij tutaj aby rozwiązać quiz!

Ogólne statystyki

  • Ten quiz został rozwiązany 312 razy
  • Średni wynik to 3 z 6

Statystyki odpowiedzi

Odpowiedź% Poprawnych
TELEFON
98%
ZESZYT
60%
SPRAWDZIAN
37%
ŚCIĄGĘ
35%
SŁUCHAWKI
23%
ZABAWKI
22%

Rozkład punktacji

Percentyl według liczby udzielonych odpowiedzi

Procent ludzi z każdym wynikiem

Twoja historia wyników

Nie rozwiązałeś tego quizu